[Event "SLO-sf"]
[Site "?"]
[Date "1994.??.??"]
[Round "?"]
[White "Guid, Matej"]
[Black "Pinter, Andrej"]
[Result "1-0"]
[WhiteElo "1930"]
[BlackElo "2175"]

1.Nf3 d5 2.g3 Nf6 3.Bg2 Bg4 4.O-O Nbd7 5.c4 e5 6.cxd5 Nxd5 7.Nc3 Nxc3 8.dxc3 c6
9.Qa4 h5 10.Rd1 Qc7 11.Be3 Be7 12.Rac1 b5 13.Qc2 h4 14.c4 b4 15.c5 hxg3 16.hxg3 Nf6
17.Nxe5 Qxe5 18.Bxc6+ Kf8 19.Bxa8 Qh5 20.Kf1 Bf5 21.Qc4 Ng4 22.Bf4 Qh2 23.Bg2 Nf6
24.g4  1-0

[Event "St Affrique op"]
[Site "St Affrique"]
[Date "1994.??.??"]
[Round "?"]
[White "Dunnington, Angus J"]
[Black "Boudenne, Jean"]
[Result "1-0"]
[WhiteElo "2435"]
[BlackElo "2065"]

1.Nf3 d5 2.g3 Nf6 3.Bg2 c6 4.d3 Bg4 5.Nbd2 Nbd7 6.h3 Bxf3 7.Bxf3 e6 8.O-O Be7
9.e4 O-O 10.Qe2 Qc7 11.Re1 dxe4 12.Nxe4 Nxe4 13.Qxe4 Bf6 14.Bf4 Qa5 15.c3 Rfd8
16.d4 Nf8 17.a4 a6 18.b4 Qd5 19.Qe3 Qc4 20.Be2 Qd5 21.Bf3 Qc4 22.Be2 Qd5
23.Rad1 Ng6 24.Bc7 Rd7 25.Bb6 Bd8 26.Bc5 Qg5 27.Qxg5 Bxg5 28.b5 axb5 29.axb5 Be7
30.Ra1 Rxa1 31.Rxa1 Bxc5 32.dxc5 Kf8 33.Ra7 Ke7 34.f4 cxb5 35.Bxb5  1-0

[Event "St Cugat op"]
[Site "St Cugat"]
[Date "1994.??.??"]
[Round "7"]
[White "Ferran Biosca, Robert"]
[Black "Gual Pascual, Antonio"]
[Result "1/2-1/2"]
[WhiteElo "2185"]
[BlackElo "2395"]

1.Nf3 d5 2.g3 c6 3.Bg2 Bg4 4.Ne5 Bh5 5.d4 Nd7 6.O-O e6 7.Nd3 Ngf6 8.Nd2 Bd6
9.Nf3 O-O 10.Bf4 Qe7 11.Bxd6 Qxd6 12.c3 c5 13.dxc5 Nxc5 14.Nxc5 Qxc5 15.Qb3 Ne4
16.Rad1 a5 17.Rd4 Nd6 18.Rh4 Bxf3 19.Bxf3 Ra6 20.e4 Rb6 21.Qc2 d4 22.Rc1 dxc3
23.bxc3 e5 24.Rd1 Nb5 25.Rd5 Qc7 26.Kg2 Nxc3 27.Rd3 Rc6 28.Qd2 Nb5 29.Rd7 Qb6
30.Rh5 Rc5 31.Qb2 Qc6 32.Rd5 f6 33.Qb3 Kh8 34.Rxc5 Qxc5 35.a4 Nd6 36.Qe6 Qc7
37.Qg4 Qf7 38.Bd1 Rd8 39.Qh4 Qg6 40.Rxe5 Nc4 41.Rd5 Rxd5 42.exd5 Qd3 43.Qg4 Qxd5+  1/2-1/2

[Event "St Petersburg op"]
[Site "St Petersburg"]
[Date "1994.??.??"]
[Round "2"]
[White "Karasev, Vladimir I"]
[Black "Zarubin, Pavel"]
[Result "1-0"]
[WhiteElo "2405"]
[BlackElo "2410"]

1.Nf3 d5 2.g3 c6 3.Bg2 Bg4 4.h3 Bh5 5.O-O Nd7 6.d3 e6 7.Nbd2 Bd6 8.b3 Ne7
9.Bb2 f6 10.c4 O-O 11.e4 Re8 12.d4 Bb4 13.Qc2 Bg6 14.a3 Bd6 15.Nh4 Bf7 16.f4 dxe4
17.Nxe4 Bc7 18.Rad1 Nf8 19.Rfe1 Bb6 20.Kh2 Rc8 21.Nc5 Bxc5 22.dxc5 Qc7 23.b4 Rcd8
24.Re3 Rxd1 25.Qxd1 Rd8 26.Rd3 Rxd3 27.Qxd3 Qd7 28.Qd6 Nc8 29.Qd4 Qxd4 30.Bxd4 Nd7
31.Nf3 Ne7 32.g4 Ng6 33.Be3 e5 34.f5 Ne7 35.Nd2 g6 36.Be4 Kf8 37.Kg3 Ke8
38.Kf2 gxf5 39.gxf5 Kd8 40.Ke2 Bh5+ 41.Kd3 Kc7 42.Nf1 Bf7 43.Bf2 Be8 44.Ne3 a5
45.Ng4 axb4 46.axb4 Bf7 47.Bg3 Kd8 48.Kc3 Ke8 49.Bh4 Ng8 50.Bd3 Ke7 51.Bf2 Kf8
52.b5 Ne7 53.Kb4 Kg7 54.Be4 Be8 55.Be3 Bf7 56.Bh6+ Kg8 57.Ne3 Kh8 58.Nc2 Bh5
59.Ne1 Be2 60.Nc2 Bf1 61.h4 Kg8 62.Bd2 Kf7 63.Ne3 Be2 64.Bc1 Ke8 65.Ba3 Kd8
66.Ka4 Kc7 67.Bb4 Kc8 68.Ka5 Kc7 69.Ba3 Kc8 70.Kb4 Kb8 71.Bc1 Kc7 72.Bd2 Kd8
73.Be1 Kc7 74.Bf2 Nc8 75.Bc2 Bf3 76.Nf1 Ne7 77.Ng3 Kd8 78.Kc3 Kc7 79.Be3 cxb5
80.cxb5 Nd5+ 81.Kd2 Nxe3 82.Kxe3 Bg2 83.b6+ Kc8 84.Ne4 Kb8 85.Ba4 Nf8 86.Nd6 Bh3
87.Kf3 Bf1 88.Ke3 Bh3 89.c6 bxc6 90.Bxc6 Bf1 91.Ne8 Bh3 92.Nc7 Bf1 93.Nd5 Bg2
94.h5 h6 95.Ne7 Bxc6 96.Nxc6+ Kb7 97.Ne7 Kxb6 98.Ng8  1-0

[Event "St Petersburg op"]
[Site "St Petersburg"]
[Date "1994.??.??"]
[Round "5"]
[White "Starosek, Konstantin"]
[Black "Serper, Grigory"]
[Result "1/2-1/2"]
[WhiteElo "2465"]
[BlackElo "2560"]

1.Nf3 d5 2.g3 c5 3.Bg2 Nc6 4.d3 e5 5.Nbd2 Bg4 6.h3 Be6 7.O-O f6 8.e4 d4 9.Ne1 Qd7
10.f4 exf4 11.gxf4 O-O-O 12.f5 Bf7 13.a3 Bd6 14.b4 cxb4 15.axb4 Bxb4 16.Rb1 Bc5
17.Nb3 Bb6 18.Ba3 Nge7 19.Bc5 Ne5 20.Bxb6 axb6 21.Qc1 N7c6 22.Nd2 Qc7 23.Qb2 Rd6
24.Qxb6 Qxb6 25.Rxb6 Kc7 26.Rb2 Ra8 27.Nef3 Ra2 28.Rfb1 Rxb2 29.Rxb2 Rd8
30.Nxe5 Nxe5 31.Nf3 Nc6 32.Rb5 b6 33.Rb2 Ra8 34.Kf2 Ra5 35.Ke1 b5 36.Kd2 b4
37.e5 Bd5 38.exf6 gxf6 39.Ke2 Kd6 40.Kf2 Bxf3 41.Bxf3 Rxf5 42.Kg3 Rg5+ 43.Kf4 Nd8
44.Bg4 h5 45.Bf5 Kc5 46.Ra2 Nb7 47.Ra8 Nd6 48.Be6 Rg2 49.Bb3 Rf2+ 50.Kg3 Rf5
51.Rh8 Rg5+ 52.Kf4 Rf5+ 53.Kg3 Rg5+ 54.Kf4 Rf5+ 55.Kg3  1/2-1/2

[Event "St Petersburg op2"]
[Site "St Petersburg"]
[Date "1994.??.??"]
[Round "5"]
[White "Khropov, Boris"]
[Black "Dokuchaev, Aleksander"]
[Result "1/2-1/2"]
[WhiteElo "2240"]
[BlackElo "2415"]

1.Nf3 d5 2.g3 c6 3.Bg2 Nf6 4.O-O Bg4 5.d3 Nbd7 6.Nbd2 e6 7.e4 Bc5 8.Re1 dxe4
9.dxe4 Ne5 10.Qe2 Nfd7 11.h3 Bxf3 12.Nxf3 Qb6 13.c3 Nxf3+ 14.Bxf3 Ne5 15.Bg2 a5
16.Bf4 Ng6 17.Be3 Bxe3 18.Qxe3 Qxe3 19.Rxe3 e5 20.Rd1 Ke7 21.Kf1 Rhd8 22.Ke2 Rxd1
23.Kxd1 Nf8 24.Kc2 Ne6 25.h4 Nc5 26.Re2 h6 27.Bh3 b6 28.Bg2 Nb7 29.Rd2 Nd6
30.Re2 g6 31.Bh3 f6 32.Re1 Rd8 33.Bf1 g5 34.Bh3 Nc4 35.b3 Nd6  1/2-1/2

[Event "St Petersburg op2"]
[Site "St Petersburg"]
[Date "1994.??.??"]
[Round "6"]
[White "Loginov, Valery A"]
[Black "Khropov, Boris"]
[Result "1-0"]
[WhiteElo "2610"]
[BlackElo "2240"]

1.Nf3 d5 2.g3 c6 3.Bg2 Nf6 4.O-O Bg4 5.c4 Nbd7 6.cxd5 cxd5 7.Nc3 e6 8.d3 Bd6
9.Bd2 O-O 10.a3 Re8 11.h3 Bxf3 12.Bxf3 Rc8 13.Rb1 Bb8 14.Bg2 h6 15.b4 d4
16.Na2 Nd5 17.Qb3 h5 18.h4 Ne5 19.Rbc1 Rxc1 20.Nxc1 Ng4 21.Bg5 Qd7 22.Qb2 Be5
23.Nb3 Nde3 24.Nc5 Qc7 25.fxe3 dxe3 26.Bf4 Qxc5 27.bxc5 Bxb2 28.Bd6 Bxa3
29.Ra1 Bb4 30.Rxa7 Rc8 31.d4 b6 32.Bb7 Rd8 33.Bc7 Rxd4 34.cxb6 Bc5 35.Bf3 Bxb6
36.Bxb6 Rb4 37.Bc7 Rb5 38.Kg2 Nf6 39.Ra5 Rxa5 40.Bxa5 e5 41.Bc6 Kh7 42.Bc7 Ng4
43.Bd7 f6 44.Kf3  1-0

[Event "St Petersburg op2"]
[Site "St Petersburg"]
[Date "1994.??.??"]
[Round "6"]
[White "Vaulin, Alexander"]
[Black "Tunik, Gennady"]
[Result "1/2-1/2"]
[WhiteElo "2550"]
[BlackElo "2450"]

1.g3 d5 2.Nf3 c6 3.Bg2 Bg4 4.c4 e6 5.cxd5 exd5 6.O-O Nd7 7.d3 Bc5 8.Nc3 Ne7
9.h3 Bxf3 10.Bxf3 O-O 11.Bg2 Re8 12.e4 dxe4 13.dxe4 Ne5 14.Na4 Bd4 15.Qc2 Qa5
16.Kh2 Rad8 17.f4 Nd3 18.Bd2 Qb5 19.Bc3 Bxc3 20.bxc3 Nc5 21.Nxc5 Qxc5 22.Rad1 b5
23.Rd2 Nc8 24.Rfd1 Rxd2 25.Qxd2 Nb6 26.Qd4 Qa3 27.Qd6 Qxd6 28.Rxd6 Rc8 29.e5 c5
30.Bb7 Rb8 31.Ba6 b4 32.cxb4 cxb4 33.Kg2 Kf8 34.Rd4 Na4 35.Rd7 Nc5 36.Rxa7 Nxa6
37.Rxa6 h5 38.f5 Rb5 39.f6 gxf6 40.exf6 Kg8 41.Ra7 b3 42.axb3 Rxb3 43.Ra5 Rb6
44.Rg5+ Kf8 45.Rf5 Kg8 46.h4 Kh7 47.Rxh5+ Kg6 48.Rg5+ Kxf6 49.Kh3 Rb8 50.Kg4 Ra8
51.Rf5+ Kg6 52.h5+ Kg7 53.Kg5 Ra6 54.h6+ Kg8 55.Kh5 Ra2 56.Rg5+ Kh8 57.Rf5 Kg8
58.g4 Rh2+ 59.Kg5 Rh1 60.Rf6 Rh2 61.Rd6 Kh7 62.Kf5 Rf2+ 63.Ke5 Re2+ 64.Kf4 Rf2+
65.Kg3 Rf1 66.g5 Rf5 67.Kg4 Rf1 68.Rd3 Kg6 69.Rh3 Kh7 70.Rh4 Kh8 71.Kg3 Rf5
72.Kg4 Rf1 73.Rh3 Kh7 74.Rf3 Rxf3 75.Kxf3 f6 76.gxf6 Kxh6  1/2-1/2

[Event "St Petersburg op"]
[Site "St Petersburg"]
[Date "1994.??.??"]
[Round "7"]
[White "Shchekachev, Andrei"]
[Black "Yuneev, Alexey"]
[Result "1/2-1/2"]
[WhiteElo "2470"]
[BlackElo "2390"]

1.g3 d5 2.Nf3 g6 3.Bg2 Bg7 4.c4 c6 5.Qa4 dxc4 6.Qxc4 e5 7.O-O Ne7 8.Nc3 O-O
9.d3 Nd7 10.Bd2 h6 11.Rab1 Nf5 12.Ne4 Nb6 13.Qc2 Nd4 14.Nxd4 exd4 15.a4 Nd5
16.b4 f5 17.Nc5 Kh7 18.Nb3 Be6 19.b5 cxb5 20.axb5 Rc8 21.Qa2 Nc3 22.Bxc3 Rxc3
23.Qa4 Bd5 24.Nxd4 Bxg2 25.Ne6 Qd5 26.Nf4 Qe5 27.Nxg2 Qxe2 28.Nf4 Qf3 29.Rbe1 Rf7
30.Qa2 Rcc7 31.Re3 Qg4 32.h3 Qg5 33.Ne6 Qf6 34.Nxc7 Rxc7 35.Qxa7 Qd6 36.Qa2 Bd4
37.Qe6 Qc5 38.Re2 Qxb5 39.Qd6 Qd7 40.Re6 Bc5 41.Qxd7+ Rxd7 42.Rc1 b6 43.Rd1 Kg7
44.Kg2 h5 45.Rc6 Kf7 46.h4 Rd4 47.Ra1 Bd6 48.Rxb6 Rxd3 49.Rbb1 f4 50.Rd1 Rxd1
51.Rxd1 Be5 52.Kf3 fxg3 53.fxg3 Ke6 54.Rd8 Bd6 55.Rh8 Kf5 56.Rh7 Be5 57.Rf7+ Ke6
58.Rb7 Kf5 59.Rb6 Bc7 60.Ra6 Be5 61.Rc6 Bb8 62.Rc8 Bd6 63.Ra8 Be5 64.Rd8 Kf6
65.Kg2 Kf5 66.Rd5 Ke4 67.Rb5 Kf5 68.Rb4 Bd6 69.Ra4 Be5 70.Kh3 Bd6 71.Ra1 Be5
72.Rf1+ Ke6 73.Rf3 Bd6 74.Kg2 Be5 75.Kf2 Kd5 76.Rf8 Ke6 77.Kf3 Bd6 78.Rd8 Be5
79.Kg2 Kf5 80.Kh3 Ke6 81.Rd3 Kf5 82.Re3 Bd6 83.Rf3+ Ke6 84.Kg2 Be5 85.Kf2 Kd5
86.Ke3 Bd6 87.Kd3 Be5 88.Re3 Bd4 89.Re2 Be5 90.Rg2 Ke6 91.Ke4 Bd6 92.Rg1 Bc7
93.Kf3 Kf5 94.Rc1 Bd6 95.Rc4 Be5 96.Rc6 Bb8 97.Rc8 Bd6 98.Re8 Be5 99.Rf8+ Ke6
100.Kg2 Bd6 101.Rf3 Be5  1/2-1/2

[Event "St Petersburg op2"]
[Site "St Petersburg"]
[Date "1994.??.??"]
[Round "7"]
[White "Popov, Valerij"]
[Black "Notkin, Maksim"]
[Result "1-0"]
[WhiteElo "2395"]
[BlackElo "2465"]

1.g3 d5 2.Nf3 c6 3.Bg2 Nf6 4.b3 Bg4 5.Bb2 Nbd7 6.c4 e6 7.O-O Bd6 8.d3 O-O
9.Nbd2 a5 10.a3 Qb8 11.Rc1 Rc8 12.Rc2 b5 13.Qa1 Qb7 14.Rfc1 a4 15.cxb5 cxb5
16.b4 Rxc2 17.Rxc2 Rc8 18.Rxc8+ Qxc8 19.Nd4 Qb7 20.h3 Bh5 21.N2f3 Bg6 22.Qc1 Ne8
23.Nh4 Be5 24.e4 Bxd4 25.Bxd4 e5 26.Bb2 d4 27.f4 f6 28.Nxg6 hxg6 29.f5 Qc7
30.Qd1 g5 31.Bf3 Nd6 32.Kf2 Nf8 33.Qd2 Nf7 34.Bd1 Nd6 35.Qe2 Nd7 36.Bc2 Nb6
37.Bb1 Nbc8 38.Ba2+ Nf7 39.Ke1 Nd6 40.Kd1 Kf8 41.Bc1 Qc3 42.Bb2 Qc7 43.Bd5 Ke7
44.Ke1 Kf8 45.Kf2 Ke7 46.Qd1 Kf8 47.Qd2 Nc8 48.Kg1 Ncd6 49.Bc1 Nc8 50.Be6 Nd8
51.Ba2 Nd6 52.Qb2 N8f7 53.Be6 Nd8 54.Bd5 N8f7 55.Bd2 Qc8 56.Qb1 Qc7 57.Kf2 Qc8
58.Qa2 Nd8 59.Ke2 Qc7 60.Kd1 N6f7 61.Be1 Nh6 62.Qe2 Qd7 63.Ba2 Qc6 64.Bd2 Qe8
65.Kc1 Qd7 66.Kb1 Qc6 67.Qh5 Qe8 68.Qd1 Qc6 69.Kb2 Ndf7 70.Bd5 Qc7 71.Qh5 Qc8
72.Qg6 Qe8 73.Kb1 Nd6 74.Qh7 Qh5 75.Qh8+ Ke7 76.Kc2 Qxh3 77.Qb8 Nhf7 78.Bxf7 Nxf7
79.Qb7+ Ke8 80.Qxb5+ Ke7 81.Qc5+ Ke8 82.Qc6+ Kf8 83.Qc8+ Ke7 84.Qe6+ Kf8
85.b5  1-0

[Event "St Petersburg op2"]
[Site "St Petersburg"]
[Date "1994.??.??"]
[Round "8"]
[White "Kuporosov, Viktor"]
[Black "Matveeva, Svetlana"]
[Result "1-0"]
[WhiteElo "2510"]
[BlackElo "2450"]

1.Nf3 d5 2.g3 Nf6 3.Bg2 c6 4.b3 Bf5 5.Bb2 e6 6.d3 h6 7.O-O Nbd7 8.Nbd2 Bh7
9.Re1 Be7 10.e4 O-O 11.Qe2 a5 12.a4 Qb6 13.h3 Rfd8 14.e5 Ne8 15.Rf1 Nc7 16.Kh1 Na6
17.Ne1 Rf8 18.f4 Rae8 19.Rc1 Nb4 20.Nef3 Qa6 21.Nd4 Bc5 22.N2f3 Qb6 23.g4 Na6
24.f5 exf5 25.Nxf5 Bxf5 26.gxf5 Nxe5 27.Nxe5 f6 28.Qh5 fxe5 29.f6 Qc7 30.fxg7 Qxg7
31.Rxf8+ Rxf8 32.Bxe5 Qg5 33.Qxg5+ hxg5 34.d4 Be7 35.c4 dxc4 36.bxc4 Nb4
37.Rc3 Bf6 38.Bxf6 Rxf6 39.Rg3 Rg6 40.h4 g4 41.Be4 Rg7 42.Kg2 Kh8 43.Kf2 Rf7+
44.Ke3 Rf1 45.Rxg4 Ra1 46.h5 Rxa4 47.h6 Ra3+ 48.Kd2 Ra2+ 49.Kc3 Rf2 50.h7 Rf8
51.Rg5 b6 52.d5 cxd5 53.cxd5 Rc8+ 54.Kd4 Rd8 55.Kc4 Nxd5 56.Bxd5 Kxh7 57.Kb5 Kh6
58.Re5 Rd6 59.Bc6 Kg7 60.Kxb6 Kf6 61.Rxa5 Rd2 62.Ra1 Rc2 63.Re1 Rc3 64.Kb5 Rc2
65.Bd5 Rc3 66.Bc4 Rc2 67.Kc5 Rd2 68.Bd5 Rb2 69.Kd6 Rb6+ 70.Bc6 Ra6 71.Rf1+ Kg7
72.Rf2 Rb6 73.Kd5 Ra6 74.Bd7 Ra1 75.Be6 Ra5+ 76.Kd6 Rg5 77.Bf5 Kf6 78.Be4+ Kg7
79.Ke6 Ra5 80.Rg2+ Kf8 81.Bd5 Ra6+ 82.Ke5 Rh6 83.Be6 Ke8 84.Rb2 Kf8 85.Ra2 Rh5+
86.Kd6 Rh6  1-0

[Event "St Petersburg op"]
[Site "St Petersburg"]
[Date "1994.??.??"]
[Round "8"]
[White "Karasev, Vladimir I"]
[Black "Orlov, Vassily"]
[Result "1/2-1/2"]
[WhiteElo "2405"]
[BlackElo "2280"]

1.Nf3 d5 2.g3 g6 3.Bg2 Bg7 4.d4 Nf6 5.c4 O-O 6.cxd5 Nxd5 7.O-O Nb6 8.Nc3 Nc6
9.e3 Re8 10.a4 a5 11.h3 e5 12.d5 Nb4 13.e4 c6 14.Ne1 cxd5 15.exd5 Nc4 16.Nc2 Na6
17.Ne3 Nd6 18.Nb5 Nb4 19.Bd2 Nxb5 20.axb5 Bd7 21.Bxb4 axb4 22.Rxa8 Qxa8 23.Qb3 Bxb5
24.Re1 e4 25.Qxb4 Qa4 26.Qxa4 Bxa4 27.b3 Bb5 28.Rc1 Bd3 29.Rc7 Rb8 30.Nc4 b5
31.Na5 Be5 32.Rd7 e3 33.fxe3 Ra8 34.b4 Bxg3 35.d6 Re8 36.Bd5 Rxe3 37.Rxf7 Be4
38.Rf3+ Bxd5 39.Rxe3 Bxd6 40.Rd3 Bxb4 41.Rxd5 Bxa5 42.Rxb5 Bc3 43.Rb7 Bg7
44.Kf2 h6 45.Kf3 Kh7 46.Kf4 Kg8 47.Ke4 Kh7 48.Kd5 h5 49.Ke6 Kh6 50.Kf7 Bd4
51.Rb4 Bf2 52.Rb2 Bg3 53.Rb3 Bf2 54.Rb5 g5 55.Rb2 Be3 56.Re2 Bf4 57.Re8 Kh7
58.Kf6 h4 59.Re7+ Kh6 60.Kf5 Bd2 61.Re6+ Kg7 62.Rd6 Bf4 63.Rd7+ Kh6 64.Kf6 Be3
65.Rf7 Bd4+ 66.Kf5 Be3 67.Rf6+ Kg7 68.Rg6+ Kf7 69.Rc6 Kg7 70.Kg4 Bf4 71.Kh5 Be3
72.Rc7+ Kf6 73.Rh7 Bf4 74.Rh6+ Kg7 75.Rb6 Be3 76.Ra6 Bf4 77.Kg4 Kf7 78.Kf3 Kg7
79.Ra7+ Kf6 80.Ke4 Kg6 81.Ra6+ Kf7 82.Kd5 Bg3 83.Kc6 Ke6 84.Ra5 Be5 85.Ra4 Bf4
86.Re4+ Kf5 87.Re8 Kf6 88.Kd7 Kf7 89.Re7+ Kf6 90.Ke8 Bd6 91.Rd7 Bc5 92.Rc7 Bb4
93.Rb7 Bc5 94.Rb5 Ba3 95.Rb3 Bc5 96.Rf3+ Kg6 97.Rc3 Bb4 98.Rc6+ Kg7 99.Rc2 Bd6
100.Rd2 Ba3 101.Rd3 Bc1 102.Rd7+ Kf6 103.Rf7+ Kg6 104.Kf8 Bf4 105.Kg8 Be5
106.Re7 Bf6 107.Re6 Kf5 108.Kf7 Bd4  1/2-1/2

[Event "Rilton Cup9495"]
[Site "Stockholm"]
[Date "1994.??.??"]
[Round "3"]
[White "Sjoberg, Mats"]
[Black "Nordstrom, Felix"]
[Result "1-0"]
[WhiteElo "2435"]
[BlackElo "2205"]

1.Nf3 d5 2.g3 g6 3.Bg2 Bg7 4.O-O e5 5.d3 Ne7 6.Nbd2 O-O 7.e4 Nbc6 8.Re1 Re8
9.c3 a5 10.a4 b6 11.exd5 Nxd5 12.Nc4 Bb7 13.Qb3 Qd7 14.Ng5 Rad8 15.Ne4 Ba8
16.h4 Nce7 17.h5 Qf5 18.h6 Bh8 19.Ng5 Qd7 20.Nxe5 Bxe5 21.Rxe5 f6 22.Bh3 Nf5
23.Rxe8+ Qxe8 24.Ne4 Kh8 25.Bd2 Qf8 26.Re1 Nxh6 27.c4 Nb4 28.Bc3 Bxe4 29.dxe4 Nc6
30.Rd1 Kg7 31.Rd5 Nf7 32.Qd1 Re8 33.Bd7 Rxe4 34.Bxc6 Rxc4 35.Bb5 Rc5 36.Qf3 Rxd5
37.Bxf6+  1-0

[Event "Stockholm op2"]
[Site "Stockholm"]
[Date "1994.??.??"]
[Round "6"]
[White "Hennigan, Michael"]
[Black "Webster, Andrew"]
[Result "1/2-1/2"]
[WhiteElo "2440"]
[BlackElo "2395"]

1.Nf3 d5 2.g3 Bg4 3.Bg2 Nd7 4.c4 c6 5.cxd5 cxd5 6.d4 e6 7.Nc3 Bxf3 8.Bxf3 Ngf6
9.Bf4 Be7 10.O-O O-O 11.Qb3 Qb6 12.Qxb6 Nxb6 13.a4 a6 14.e4 dxe4 15.Nxe4 Nbd5
16.Nxf6+ Bxf6 17.Be5 Be7 18.Rfc1  1/2-1/2

[Event "EUCup Gr2"]
[Site "Strasbourg"]
[Date "1994.??.??"]
[Round "?"]
[White "Dizdarevic, Emir"]
[Black "Malich, Burkhard"]
[Result "1-0"]
[WhiteElo "2495"]
[BlackElo "2415"]

1.Nf3 d5 2.g3 Nf6 3.Bg2 c6 4.O-O Bf5 5.d3 e6 6.c4 h6 7.Nc3 Be7 8.cxd5 exd5
9.Qb3 Bc8 10.e4 O-O 11.Be3 Na6 12.Rac1 Nc7 13.h3 Re8 14.Rfd1 Bf8 15.Bd4 Qe7
16.Re1 dxe4 17.dxe4 Ne6 18.Be3 Qb4 19.Qc2 Qa5 20.Nd2 Qc7 21.f4 Bc5 22.Bxc5 Nxc5
23.e5 Nh7 24.Nd5 cxd5 25.Qxc5 Qd8 26.Nb3 Nf8 27.Qxd5 Qb6+ 28.Qc5 Be6 29.Rc3 g5
30.a3 Rec8 31.Qxb6 axb6 32.Rxc8 Rxc8 33.Nd4 gxf4 34.gxf4 Rd8 35.Nxe6 fxe6
36.Be4 Rd2 37.b4 Kf7 38.Re3 Ng6 39.Rg3 Ne7 40.Bxb7 Rd4 41.Rf3 Ng6 42.Kh2 h5
43.Kg3 Rc4 44.Ba6 h4+ 45.Kg4 Rd4 46.Kg5 Kg7 47.Bc8 Nf8 48.Rc3 Nh7+ 49.Kg4 Nf8
50.Rc7+ Kh6 51.Rf7 Ng6 52.Rf6 Kg7 53.Kg5 Nf8 54.Kxh4 Nh7 55.Rxe6 Rxf4+ 56.Kh5 Rf5+
57.Kg4 Rf8 58.Re7+ Kh6 59.Bf5 Ng5 60.h4 Nf7 61.Kf4  1-0

[Event "Sveti Sava"]
[Site "Sveti Sava"]
[Date "1994.??.??"]
[Round "?"]
[White "Simic, Radoslav"]
[Black "Ciric, Dragoljub M"]
[Result "1-0"]
[WhiteElo "2495"]
[BlackElo "2365"]

1.Nf3 d5 2.g3 c6 3.Bg2 Bg4 4.b3 Nd7 5.Bb2 e6 6.O-O Ngf6 7.c4 Bd6 8.Na3 O-O
9.Nc2 Qe7 10.d3 a5 11.Qd2 h6 12.Rfe1 Rfd8 13.Rab1 e5 14.cxd5 cxd5 15.h3 Bf5
16.Ne3 Be6 17.Rec1 b5 18.Nh4 g6 19.Rc6 Nb8 20.Rb6 Qd7 21.Rc1 Ra7 22.Nf3 d4
23.Ng4 Bxg4 24.hxg4 Nd5 25.Rxd6 Qxd6 26.Qxh6 Nf6 27.Ng5 Nbd7 28.Bf3 Qf8 29.Qh4 Qg7  1-0

[Event "Sveti Sava"]
[Site "Sveti Sava"]
[Date "1994.??.??"]
[Round "?"]
[White "Vukic, Milan"]
[Black "Lazic, Miroljub"]
[Result "1/2-1/2"]
[WhiteElo "2425"]
[BlackElo "2505"]

1.Nf3 d5 2.g3 g6 3.Bg2 Bg7 4.c4 dxc4 5.Qa4+ Nc6 6.Qxc4 e5 7.Nc3 Nge7 8.O-O O-O
9.d3 Be6 10.Qh4 f6 11.Bh3 Bxh3 12.Qxh3 Nf5 13.Rd1 Ncd4 14.Ne1 c6 15.e3 Ne6
16.Qg4 Qe7 17.b3 Rfd8 18.Bb2 Rd7 19.Rac1 Rc8 20.Qc4 Nd6 21.Qa4 a6 22.Ba3 Qf7
23.Bxd6 Rxd6 24.b4 f5 25.Qb3 Kh8 26.a4 Qd7 27.Qc2 Nc7 28.Qb3 Ne6 29.Qc2 Nc7
30.Qb3 Ne6 31.Qc2 Bf6 32.Rb1 Kg7 33.Rdc1 h5 34.h4 Rh8 35.b5 axb5 36.axb5 g5
37.hxg5 Nxg5 38.bxc6 bxc6 39.Qb3 Nf7  1/2-1/2

[Event "Sveti Sava"]
[Site "Sveti Sava"]
[Date "1994.??.??"]
[Round "?"]
[White "Lazic, Miroljub"]
[Black "Ciric, Dragoljub M"]
[Result "1/2-1/2"]
[WhiteElo "2505"]
[BlackElo "2365"]

1.Nf3 d5 2.g3 c6 3.Bg2 Bg4 4.O-O Nd7 5.d3 e5 6.Nbd2 Ngf6 7.h3 Bh5 8.e4 dxe4
9.dxe4 Bc5 10.Qe1 O-O 11.Nh4 Bg6 12.Nxg6 fxg6 13.Qe2 Kh8 14.Nb3 Be7 15.Be3 Qc7  1/2-1/2

[Event "Sveti Sava"]
[Site "Sveti Sava"]
[Date "1994.??.??"]
[Round "?"]
[White "Kosic, Dragan"]
[Black "Simic, Radoslav"]
[Result "0-1"]
[WhiteElo "2515"]
[BlackElo "2495"]

1.Nf3 d5 2.g3 g6 3.c4 c6 4.d4 Bg7 5.Bg2 Nf6 6.O-O O-O 7.Qb3 dxc4 8.Qxc4 Bf5
9.Nc3 Ne4 10.Rd1 Nxc3 11.bxc3 Be4 12.a4 Nd7 13.Ba3 Nb6 14.Qb3 Qd5 15.Qxd5 Nxd5
16.Rdc1 Rfe8 17.e3 Nb6 18.a5 Nc4 19.Bb4 Rac8 20.Ne5 Bxg2 21.Nxc4 Bd5 22.Nd2 b6
23.axb6 axb6 24.c4 Be6 25.c5 bxc5 26.Bxc5 Bh3 27.f4 g5 28.fxg5 h6 29.gxh6 Bxh6
30.Kf2 e5 31.Nc4 exd4 32.Bxd4 c5 33.Be5 Ra8 34.Bf4 Bg7 35.Rxa8 Rxa8 36.Nd6 Ra2+
37.Kf3 f5  0-1

[Event "SVK-chT"]
[Site "?"]
[Date "1994.??.??"]
[Round "?"]
[White "Petran, Peter"]
[Black "Kolcak, Marek"]
[Result "0-1"]
[WhiteElo "2435"]
[BlackElo "2285"]

1.g3 d5 2.Nf3 Nf6 3.Bg2 Bg4 4.d3 Nbd7 5.Nbd2 e5 6.h3 Bh5 7.g4 Bg6 8.Nh4 c6
9.e3 Bd6 10.Nf5 Bxf5 11.gxf5 g6 12.Qf3 gxf5 13.Qxf5 Rg8 14.Bf1 Qa5 15.c3 O-O-O
16.b4 Qa4 17.Nb3 d4 18.cxd4 Bxb4+ 19.Bd2 exd4 20.Nxd4 Bxd2+ 21.Kxd2 Qb4+
22.Kd1 Nd5 23.Nc2 Qb2 24.d4 Kb8 25.Qd3 Nc5 26.Qa3 Nc3+ 27.Ke1 Qxc2 28.Rc1 Rxd4  0-1

[Event "SVK-chT"]
[Site "?"]
[Date "1994.??.??"]
[Round "?"]
[White "Valent, Ivan"]
[Black "Adamko, Peter"]
[Result "1/2-1/2"]
[WhiteElo "2200"]
[BlackElo "2130"]

1.Nf3 d5 2.g3 c5 3.Bg2 Nc6 4.c4 d4 5.d3 e5 6.O-O Bd6 7.Na3 Nge7 8.Nc2 O-O
9.a3 a5 10.Rb1 a4 11.b4 axb3 12.Rxb3 f5 13.e3 Na5 14.Rb1 dxe3 15.Nxe3 f4
16.Nd5 Nxd5 17.cxd5 c4 18.Re1 fxg3 19.fxg3 cxd3 20.Nxe5 Bxe5 21.Rxe5 Nc4
22.Re4 Nd6 23.Reb4 Qc7 24.Bb2 Bf5 25.Qd2 Rae8 26.Bf1 Ne4 27.Qxd3 Nd6 28.Qc3 Qxc3
29.Bxc3 Bxb1 30.Rxb1 Rf5 31.Rd1 Re3 32.Bb4 Rf6 33.Bh3 Kf7 34.Be6+ Ke7 35.Rc1 Rfxe6
36.dxe6 Kxe6 37.Kf2 Re5 38.Rc7 Ne4+ 39.Kg2 Ng5 40.h4 Nf7 41.Rxb7 Re2+ 42.Kf3 Rc2
43.Re7+ Kf6 44.Re3 Ne5+ 45.Ke4 Ke6 46.Rc3 Re2+ 47.Kd4 Rd2+ 48.Kc5 g5  1/2-1/2

[Event "SVK-chT"]
[Site "?"]
[Date "1994.??.??"]
[Round "?"]
[White "Petran, Peter"]
[Black "Dudas, Jan"]
[Result "1/2-1/2"]
[WhiteElo "2435"]
[BlackElo "2290"]

1.g3 d5 2.Nf3 Nf6 3.Bg2 Bg4 4.d3 Nbd7 5.Nbd2 e5 6.h3 Bh5 7.O-O Bd6 8.e4 c6
9.Re1 O-O 10.c3 Re8 11.Qc2 Qc7 12.a3 a5 13.b3 a4 14.b4 c5 15.Qa2 dxe4 16.dxe4 b5
17.Nh4 Rac8 18.Nf5 Bf8 19.g4 Bg6 20.Nf1 Nb6 21.Bg5 Re6 22.N1e3 cxb4 23.cxb4 Rc6
24.Qe2 Nc4 25.Nxc4 bxc4 26.Qc2 h5 27.f3 Bxf5 28.gxf5 Nh7 29.Be3 Be7 30.Qxa4 Bg5
31.Qc2 Bxe3+ 32.Rxe3 Qa7 33.Qf2 c3 34.Rd3 Qa4 35.Qe3 Qb3 36.Bf1 Qb2 37.Qc1 Qb3
38.b5 Rc5 39.a4 Qb4 40.Qc2 Qa5 41.Rb1 Rc4 42.b6 Rb4 43.Rxb4 Qxb4 44.Kg2 Nf6
45.b7 Qxb7 46.Rxc3 Rxc3 47.Qxc3 Qa7 48.Bb5 h4 49.Qe1 Nh5 50.Qxh4 Nf4+ 51.Kf1 Qe3
52.Qf2 Qc1+ 53.Qe1 Qc2 54.Qe3 Qd1+ 55.Kf2 Qc2+ 56.Kf1 Qd1+  1/2-1/2

[Event "SVK-chT"]
[Site "?"]
[Date "1994.??.??"]
[Round "12"]
[White "Sergeev, Vladimir"]
[Black "Dudas, Jan"]
[Result "1-0"]
[WhiteElo "2445"]
[BlackElo "2290"]

1.Nf3 d5 2.g3 Nf6 3.Bg2 Bg4 4.Ne5 Bh5 5.c4 c6 6.cxd5 cxd5 7.Qa4+ Nbd7 8.Nc3 e6
9.g4 Bg6 10.h4 h6 11.Nxg6 fxg6 12.g5 hxg5 13.hxg5 Rxh1+ 14.Bxh1 Nh5 15.Qg4 Qb6
16.d4 O-O-O 17.e3 Kb8 18.Bd2 Be7 19.Bg2 Nf8 20.Rb1 Rc8 21.Bh3 Rc6 22.Bf1 a6
23.Bd3 Qd8 24.f4 Qe8 25.Ne2 Nd7 26.Rc1 Rxc1+ 27.Nxc1 Bd6 28.Ne2 Nb6 29.b3 Nc8
30.Ng1 Qf7 31.Nf3 Ne7 32.Nh4 Nf5 33.Bxf5 exf5 34.Qf3 Kc7 35.Kf2 Qe6 36.Ng2 Kd7
37.Ne1 Qf7 38.Nd3 b6 39.Bb4 Bb8 40.a4 a5 41.Ba3 Ke6 42.Qd1 Qd7 43.Qc2 Qc7
44.Qxc7 Bxc7 45.Kf3 Bb8 46.Nc1 Bc7 47.Ne2 Bb8 48.Nc3 Bc7 49.Nb5 Bb8 50.Bf8 Kd7
51.Nc3 Ke6 52.Nd1 Kd7 53.Nf2 Ke6 54.Nd3 Bc7 55.Ne5 Bb8 56.Ba3 Bc7 57.Bc1 Bd6
58.Bd2 Bc7 59.Kg2 Bd6 60.Kh3 Bc7 61.Kh4 Bxe5 62.dxe5 Kd7 63.Kh3 Ke6 64.Kg2 Kd7
65.Kf3 Ke6 66.Bc3  1-0

[Event "SWZ-chT"]
[Site "SWZ"]
[Date "1994.??.??"]
[Round "2"]
[White "Hug, Werner"]
[Black "Fioramonti, Hung"]
[Result "1/2-1/2"]
[WhiteElo "2445"]
[BlackElo "2330"]

1.Nf3 d5 2.g3 Nc6 3.d4 Bg4 4.Bg2 Qd7 5.Nbd2 f6 6.c4 e6 7.a3 dxc4 8.Nxc4 O-O-O
9.Be3 Nge7 10.O-O Nd5 11.Qb3 Be7 12.Rac1 Rhe8 13.Rfd1 Bf8 14.Rd2 Kb8 15.Ne1 Bh5
16.Nd3 Bf7 17.Qd1 e5 18.dxe5 Nxe3 19.Nxe3 Nd4 20.Rc3 fxe5 21.Be4  1/2-1/2

[Event "SWZ-chT"]
[Site "SWZ"]
[Date "1994.??.??"]
[Round "4"]
[White "Hirzel, Rene"]
[Black "Pelletier, Yannick"]
[Result "1/2-1/2"]
[WhiteElo "2185"]
[BlackElo "2350"]

1.Nf3 d5 2.g3 c6 3.Bg2 Bg4 4.d4 Nd7 5.Nbd2 Ngf6 6.c4 e6 7.O-O Be7 8.Re1 O-O
9.e4 Bb4 10.Qb3 Qb6 11.cxd5 cxd5 12.exd5 exd5 13.a3 Bd6 14.Qxb6 Nxb6 15.Ne5 Bf5
16.Nf1 Rfe8 17.Ne3 Be6 18.Bd2 a5 19.Rac1 Ne4 20.Bxe4 dxe4 21.N3c4 Nxc4 22.Nxc4 Bxc4
23.Rxc4 f5 24.Rec1 Red8 25.Kf1 Kf7 26.Ke2 Ke6 27.Bf4 Bxf4 28.gxf4 Ra6 29.Ke3 Rb6
30.R1c2 Rbd6 31.b3 Kf6 32.b4 axb4 33.Rxb4 R8d7 34.Rcb2 h6 35.Rb6 Ke7 36.Rxd6 Kxd6
37.Rb5 Ke6 38.h4 g6 39.Rb6+ Rd6 40.Rxb7 Ra6 41.Rb3 h5  1/2-1/2

[Event "SWZ-chT"]
[Site "SWZ"]
[Date "1994.??.??"]
[Round "5"]
[White "Weindl, Alfred"]
[Black "Schauwecker, Meinrad"]
[Result "1-0"]
[WhiteElo "2360"]
[BlackElo "2305"]

1.g3 d5 2.Nf3 Nf6 3.Bg2 e6 4.O-O Be7 5.d3 O-O 6.Nbd2 a5 7.e4 dxe4 8.dxe4 Na6
9.e5 Nd5 10.Ne4 Nc5 11.Qe2 Nxe4 12.Qxe4 Bd7 13.c4 Nb4 14.a3 Na6 15.Qg4 Kh8
16.Ng5 h6 17.Ne4 Bc6 18.Rd1 Qe8 19.Nf6 gxf6 20.Bxc6 bxc6 21.Qh3 h5 22.Qxh5+ Kg8
23.Qg4+ Kh7 24.Qh4+  1-0

[Event "SWZ-chT"]
[Site "SWZ"]
[Date "1994.??.??"]
[Round "5"]
[White "Reust, Josef"]
[Black "Costa, Jean Luc"]
[Result "0-1"]
[WhiteElo "2130"]
[BlackElo "2380"]

1.Nf3 d5 2.g3 c6 3.Bg2 Bg4 4.b3 Nd7 5.Bb2 Ngf6 6.O-O e6 7.c4 Bd6 8.d3 Bxf3
9.Bxf3 Ne5 10.Bg2 h5 11.d4 Neg4 12.h3 h4 13.hxg4 hxg3 14.e3 Ne4 15.Bxe4 Qh4
16.Kg2 Qh3+ 17.Kf3 g2+  0-1